000 01106cam a22002771i 4500
003 SA-RiAUC
005 20250702075546.0
008 250622s1980 su g b 000 0 ara c
040 _aSA-JeALM
_bara
_cSA-RiAUC
_erda
050 4 _bA35 1980
082 0 4 _a253.901
090 _a253.901
_b س ا هـ
100 1 _aالساهي، شوقي عبده
_eمؤلف.
245 1 0 _aعدالة الإسلام في أحكام المواريث /
_cشوقي عبده الساهي.
250 _aالطبعة الأولى.
264 1 _aالمدينة المنورة :
_bشوقي عبده الساهي،
_c1980
300 _a350 صفحة ؛
_c24 سم
336 _aنص
_btxt
_2rdacontent
_3كتاب
337 _aبدون وسيط
_bn
_2rdamedia
338 _aمجلد
_bnc
_2rdacarrier
500 _aإهداء من المؤلف شوقي عبده الساهي بتاريخ 1403/7/20 هـ
504 _aيشتمل علي إرجاعات ببليوجرافية.
650 7 _aالمواريث (فقه إسلامي)
_2aucsh
942 _2ddc
_cBOOK
_n0
949 _aSA-JeALM
_d250622
_umohamedma123
_n1
999 _c9422
_d9422